| 000 | 00534nam a22001457a 4500 | ||
|---|---|---|---|
| 003 | OSt | ||
| 005 | 20150916114614.0 | ||
| 008 | 150916b xxu||||| |||| 00| 0 eng d | ||
| 040 | _cRUA | ||
| 082 | _aAGR SAM 2002 B023 Or.1 | ||
| 100 |
_9592 _aSAM, SARAK. |
||
| 245 | _aManagement of tomato disease in prateahlang soil ការគ្រប់គ្រងជំងឺលើដំណាំប៉េងប៉ោះក្នុងលក្ខ័ខណ្ឌ័ដីប្រទះឡាង | ||
| 300 |
_a57p. _bill. _c29cm. |
||
| 942 |
_2ddc _cAGR |
||
| 999 |
_c569 _d569 |
||